| 000 | 00841nam a2200265 a 4500 | ||
|---|---|---|---|
| 003 | (BD-SpBAUS) | ||
| 005 | 20241127113305.0 | ||
| 008 | 241127s2017 ii a|||| |||| 001 0 eng d | ||
| 020 | _a9781337559577 | ||
| 040 |
_aBD-SpBAUS _cBD-SpBAUS |
||
| 041 | _aeng | ||
| 082 |
_a410 _bFRI 2017 |
||
| 100 |
_aFromkin, Victoria _92227 |
||
| 245 |
_aAn Introduction to Language / _cVictoria Fromkin, Robert Rodman & Nina Hyams |
||
| 250 | _a11th ed. | ||
| 260 |
_aBoston ; USA : _bCengage, _cc2017 |
||
| 300 |
_axx, 524 p. : _bill. ; _c26 cm. |
||
| 504 | _aIncludes bibliographical references and index. | ||
| 650 |
_a Language and languages _92228 |
||
| 650 |
_a Linguistics _92229 |
||
| 700 |
_aRodman, Robert _92230 |
||
| 700 |
_aHyams, Nina _92231 |
||
| 856 |
_fWorld Cat _uhttps://search.worldcat.org/title/610359388 |
||
| 942 |
_2ddc _cBK _n0 |
||
| 999 |
_c913 _d913 |
||